[Event "Wch U20 Girls 22nd"]
[Site "Cochin"]
[Date "2004.11.22"]
[Round "6"]
[White "Delphin, C."]
[Black "Ramya, Krishna Inapuri"]
[Result "0-1"]
[WhiteElo "1998"]
[BlackElo "2096"]
[PlyCount "72"]
[EventDate "2004.11.20"]
[EventType "swiss"]
[EventRounds "13"]
[EventCountry "IND"]
[SourceTitle "CBM 103 Extra"]
[Source "ChessBase"]
[SourceDate "2005.01.01"]
[SourceVersion "1"]
[SourceVersionDate "2005.01.01"]
[SourceQuality "1"]

1. e4 e5 2. Nf3 Nc6 3. Bb5 a6 4. Bxc6 dxc6 5. 0-0 Bg4 6. h3 h5 7. d3 Qf6 8. Be3 Bxf3 9. Qxf3 Qxf3 10. gxf3 Bd6 11. Nd2 Ne7 12. Kh1 f6 13. Rg1 Kf7 14. Nc4 Ng6 15. Rg3 Nf4 16. Rag1 g5 17. Na5 Bb4 18. Nc4 Bd6 19. c3 b6 20. Bxb6 cxb6 21. Nxd6+ Ke6 22. Nc4 b5 23. Ne3 Rad8 24. Rd1 Rd6 25. d4 Rhd8 26. Nc2 exd4 27. cxd4 Ng6 28. e5 Rd5 29. exf6 Kxf6 30. Ne3 Rxd4 31. Rdg1 Rh4 32. Rxg5 Rxh3+ 33. Kg2 Nf4+ 34. Kf1 Rxf3 35. Rf5+ Ke6 36. Rg7 Rd2 0-1

[Event "Wch U20 Girls 22nd"]
[Site "Cochin"]
[Date "2004.11.21"]
[Round "4"]
[White "Gutierrez Castillo, Paloma"]
[Black "Delphin, C."]
[Result "1/2-1/2"]
[WhiteElo "2119"]
[BlackElo "1998"]
[PlyCount "120"]
[EventDate "2004.11.20"]
[EventType "swiss"]
[EventRounds "13"]
[EventCountry "IND"]
[SourceTitle "CBM 103 Extra"]
[Source "ChessBase"]
[SourceDate "2005.01.01"]
[SourceVersion "1"]
[SourceVersionDate "2005.01.01"]
[SourceQuality "1"]

1. e4 c5 2. Nf3 Nc6 3. d4 cxd4 4. Nxd4 Nf6 5. Nc3 e5 6. Ndb5 d6 7. Bg5 a6 8. Na3 b5 9. Bxf6 gxf6 10. Nd5 Bg7 11. g3 Ne7 12. Nxe7 Qxe7 13. Bg2 Be6 14. c3 0-0 15. Nc2 Rab8 16. Nb4 Rb6 17. Nd5 Bxd5 18. Qxd5 b4 19. c4 Rc8 20. 0-0 Rc5 21. Qd3 Qc7 22. b3 a5 23. a4 Qe7 24. Bh3 Kh8 25. Rad1 f5 26. Bxf5 Bf6 27. Qf3 h6 28. Rd3 Qf8 29. Qh5 Qg7 30. Rfd1 Be7 31. Rd5 Rbc6 32. R1d3 Rxd5 33. Rxd5 Rc5 34. Qd1 Qf6 35. Rd3 Bf8 36. h4 Be7 37. Qh5 Rc7 38. Kh2 Kg8 39. Rf3 Qg7 40. Kh3 Bf6 41. Rd3 Be7 42. Rf3 Bf6 43. Bg4 Bd8 44. Rd3 Be7 45. Qf5 Qg6 46. Qf3 Qg7 47. Qd1 Rc5 48. Rd5 Qf6 49. Bf5 Rxd5 50. Qxd5 Bd8 51. Kg2 Kg7 52. Kf1 Qe7 53. Ke2 Qc7 54. Qa8 Qb6 55. Kf3 Bc7 56. Qc8 Qc5 57. Kg2 Bb6 58. Qxc5 Bxc5 59. f4 Kf6 60. Kf3 Bd4 1/2-1/2

[Event "Wch U20 Girls 19th"]
[Site "Goa"]
[Date "2002.12.19"]
[Round "12"]
[White "Delphin, C."]
[Black "Matras Clement, Agnieszka"]
[Result "1-0"]
[WhiteElo "2084"]
[BlackElo "2247"]
[PlyCount "79"]
[EventDate "2002.12.09"]
[EventType "swiss"]
[EventRounds "13"]
[EventCountry "IND"]
[SourceTitle "CBM 091 Extra"]
[Source "ChessBase"]
[SourceDate "2003.01.09"]
[SourceVersion "1"]
[SourceVersionDate "2003.01.09"]
[SourceQuality "1"]

1. e4 b6 2. d4 Bb7 3. Bd3 e6 4. Ne2 Nf6 5. Nbc3 d6 6. 0-0 Be7 7. Ng3 Nbd7 8. Be3 0-0 9. f4 e5 10. Nf5 exd4 11. Bxd4 c5 12. e5 cxd4 13. exf6 Bxf6 14. Ne4 Nc5 15. Nfxd6 Nxd3 16. Nxb7 Nxb2 17. Qc1 Qe7 18. Nxf6+ Qxf6 19. Qxb2 Rab8 20. Rad1 Rxb7 21. Qxd4 Qxd4+ 22. Rxd4 Rc7 23. Rf2 Rfc8 24. Rfd2 Kf8 25. Ra4 a5 26. Rd6 Rc6 27. Rad4 Rxc2 28. a4 Rb2 29. h3 g6 30. Rd8+ Rxd8 31. Rxd8+ Ke7 32. Rb8 h5 33. Rb7+ Ke6 34. g3 f6 35. Rc7 Kf5 36. Rc6 g5 37. fxg5 Kxg5 38. Rd6 Rb4 39. Kg2 f5 40. h4+ 1-0